000 00612nam a22002417a 4500
003 UA-OsUOA
001 30404
007 ta
008 20041110b un ||||| |||| 00| 0 ukr d
100 _aСтанішевський Ю.
090 _a929
_bС76
942 _cBK
040 _aUA-OsUOA
_bukr
_cUA-OsUOA
_dUA-OsUOA
245 _aДмитро Гнатюк
300 _a166 с.
955 _a0
041 _aukr
080 _a929
260 _aКиїв
_bМузична Україна
_c1975
044 _aUA
650 7 _a9 Географія. Біографії. Історія
_2UDC
999 _c316816
_d316816